| 000 | 00710nam a2200241 a 4500 | ||
|---|---|---|---|
| 003 | PILC | ||
| 005 | 20150507114629.0 | ||
| 008 | 070212s19uu xx 00 eng d | ||
| 020 | _a9789812599056 | ||
| 020 | _a9812599053 | ||
| 050 |
_aRC 440 _b.K299 2007 |
||
| 100 | _aKeltner, Norman L. | ||
| 245 |
_aPsychiatric nursing / _cNorman L. Keltner, Lee Hilyard Schwecke, and Carol E. Bostrom. |
||
| 250 | _a5th ed. | ||
| 260 |
_aU.S.A : _bMosby Elseviere, _c2007. |
||
| 300 |
_a719 pages : _billsutrations ; _c25 cm. |
||
| 650 | _aPsychiatric Nursing. | ||
| 650 |
_aMental disorders _xNursing. |
||
| 700 | _aSchwecke, Lee Hilyard | ||
| 700 | _aBostrom, Carol E. | ||
| 942 |
_cBK _2lcc |
||
| 999 |
_c283882 _d283882 |
||